Doubly Landlocked US States - Statistics

General Stats
  • This quiz has been taken 15 times
  • The average score is 7 of 10
Answer Stats
Answer % Correct
Colorado
93%
Kansas
93%
Wyoming
93%
Missouri
79%
Utah
79%
Iowa
71%
South Dakota
71%
Illinois
57%
Indiana
50%
Wisconsin
43%
No matching quizzes found
Score Distribution
Percent of People with Each Score
Percentile by Number Answered
Your Score History
You have not taken this quiz